Environmental effects on crop physiology : (Record no. 15142)

000 -LEADER
fixed length control field 00643cam a2200193 i 4500
020 ## - INTERNATIONAL STANDARD BOOK NUMBER
ISBN 012435050X
040 ## - CATALOGING SOURCE
Transcribing agency DLC
082 00 - DEWEY DECIMAL CLASSIFICATION NUMBER
Classification number 630 ACA 1977 A055 Or.
245 10 - TITLE STATEMENT
Title Environmental effects on crop physiology :
Remainder of title proceedings of a symposium held at Long Ashton Research Station, University of Bristol, 13-16 April 1975 /
260 ## - PUBLICATION, DISTRIBUTION, ETC. (IMPRINT)
Place of publication London ;
-- New York :
Name of publisher Academic Press,
Year of publication 1977.
300 ## - PHYSICAL DESCRIPTION
Number of Pages xvi, 388 p. :
Other physical details ill. ;
Dimensions 24 cm.
500 ## - GENERAL NOTE
General note At head of title: Fifth Long Ashton Symposium 1975.
650 #0 - SUBJECT ADDED ENTRY--TOPICAL TERM
Topical Term Crops and climate
650 #0 - SUBJECT ADDED ENTRY--TOPICAL TERM
Topical Term Crops
650 #0 - SUBJECT ADDED ENTRY--TOPICAL TERM
Topical Term Crops
700 1# - ADDED ENTRY--PERSONAL NAME
Personal name Landsberg, J. J.
700 1# - ADDED ENTRY--PERSONAL NAME
Personal name Cutting, C. V.
942 ## - ADDED ENTRY ELEMENTS (KOHA)
Koha item type សៀវភៅភាសាអង់គ្លេស
952 ## - LOCATION AND ITEM INFORMATION (KOHA)
Withdrawn status [LOCAL, KOHA] 0
Holdings
Permanent Location Date acquired Koha item type Lost status Shelving location Barcode Current Location Full call number
Library Block A2017-11-10សៀវភៅភាសាអង់គ្លេស A055A05981Library Block A630 ACA 1977 A055 Or.
មជ្ឈមណ្ឌលឯការនៃសាកលវិទ្យាល័យភូមិន្ទកសិកម្មចំការដូង

Powered by Koha